Todo el Access 97 en un solo libro (Registro nro. 4085)
[ vista simple ]
| 000 -LEADER | |
|---|---|
| fixed length control field | 01335 a2200253 4500 |
| 001 - CONTROL NUMBER | |
| control field | 45956 |
| 005 - DATE AND TIME OF LATEST TRANSACTION | |
| control field | 20260407155732.0 |
| 008 - FIXED-LENGTH DATA ELEMENTS--GENERAL INFORMATION | |
| fixed length control field | 260407a2000 arg spa d |
| 003 - CONTROL NUMBER IDENTIFIER | |
| control field | AR-UNSa-BCEJYS |
| 040 ## - CATALOGING SOURCE | |
| Original cataloging agency | AR-UNSa-BCEJYS |
| Language of cataloging | spa |
| Transcribing agency | AR-UNSa-BCEJYS |
| 080 ## - UNIVERSAL DECIMAL CLASSIFICATION NUMBER | |
| Universal Decimal Classification number | 004.65*A |
| Common auxiliary subdivision | Sistemas de gestión de bases de datos (SG-BD)(Access) |
| 020 ## - INTERNATIONAL STANDARD BOOK NUMBER | |
| International Standard Book Number | 987-9008-53-7 |
| 041 ## - LANGUAGE CODE | |
| Language code of text/sound track or separate title | spa |
| 100 1# - MAIN ENTRY--PERSONAL NAME | |
| Personal name | Boqué, Carlos |
| 245 10 - TITLE STATEMENT | |
| Title | Todo el Access 97 en un solo libro |
| Name of part/section of a work | para pc IBM y compatibles |
| 264 #1 - PRODUCTION, PUBLICATION, DISTRIBUTION, MANUFACTURE, AND COPYRIGHT NOTICE | |
| Place of production, publication, distribution, manufacture | Buenos Aires : |
| Name of producer, publisher, distributor, manufacturer | GYR |
| Date of production, publication, distribution, manufacture, or copyright notice | 2000 |
| 300 ## - PHYSICAL DESCRIPTION | |
| Extent | 333 p. |
| Dimensions | 24 cm. |
| 505 ## - FORMATTED CONTENTS NOTE | |
| Formatted contents note | 1. Microsoft Access, definiciones y conceptos – 2. Creación de una base de datos – 3. Impresión y diseño de tablas – 4. Trabajemos con los datos de la tabla – 5. Consultas básicas – 6. Las relaciones en la base de datos – 7. Manejo básico de formularios e informes – 8. Los distintos tipos de datos – 9. Consultas especiales – 10. Diseño básico de formularios – 11. Trabajando con las herramientas de diseño – 12. Trabajemos con informes – 13. Trabajemos con macros – 14. Incorporemos módulos de visual basic - |
| 590 ## - LOCAL NOTE (RLIN) | |
| Local note | niveau_biblio:m niveau_hierar:0 |
| 650 ## - SUBJECT ADDED ENTRY--TOPICAL TERM | |
| Topical term or geographic name entry element | ACCESS |
| 650 ## - SUBJECT ADDED ENTRY--TOPICAL TERM | |
| Topical term or geographic name entry element | access |
| 856 41 - ELECTRONIC LOCATION AND ACCESS | |
| Uniform Resource Identifier | <a href="https://www.biblioeco.unsa.edu.ar/pmb/images/libros/L127245.jpg">https://www.biblioeco.unsa.edu.ar/pmb/images/libros/L127245.jpg</a> |
| Link text | Imagen de portada |
| Electronic format type | image/jpeg |
| 942 ## - ADDED ENTRY ELEMENTS (KOHA) | |
| Koha item type | |
| Withdrawn status | Lost status | Damaged status | Not for loan | Home library | Current library | Shelving location | Date acquired | Total checkouts | Full call number | Barcode | Date last seen | Price effective from | Koha item type |
|---|---|---|---|---|---|---|---|---|---|---|---|---|---|
| Biblioteca Prof. Eusebio Cleto del Rey | Biblioteca Prof. Eusebio Cleto del Rey | 07/04/2026 | 004.65*A B662 | L127245 | 07/04/2026 | 07/04/2026 | Libro |